000 00496nam a2200181Ia 4500
999 _c29216
_d29216
003 OSt
005 20210108094715.0
008 190216s9999||||xx |||||||||||||| ||und||
020 _a9788126410323
040 _coclc
082 _a894.812301
_bMEN/S
100 _aMenon, Indu
_98122
245 0 _aSangh Parivar /
_cIndu Menon
260 _bDc Books,
_a Kottayam:
_c2005.
300 _a88p
650 _aKathakal
942 _cBK
_2ddc
_h894.812301
_iMEN/S
_k894.812301
_mMEN/S